[Event "36th Mitropa Cup Open 2018"]
[Site "Isola Capo Rizzuto"]
[Date "2018.06.08"]
[Round "8"]
[White "Mihok, Oliver"]
[Black "Dragnev, Valentin"]
[Result "1-0"]
[WhiteElo "2547"]
[BlackElo "2489"]
[Annotator "TA"]
[PlyCount "47"]
[EventDate "2018.05.31"]
[EventType "team-tourn"]
[EventCountry "ITA"]
[SourceTitle "playchess.com"]
[Source "ChessBase"]
[SourceQuality "1"]
[WhiteTeam "Hungary"]
[BlackTeam "Austria"]
[WhiteTeamCountry "HUN"]
[BlackTeamCountry "AUT"]

{[%evp 10,47,13,10,46,54,46,49,62,67,59,52,115,54,115,99,106,108,106,72,67,54,68,70,78,65,118,114,113,95,155,131,198,123,168,189,670,605,632,641]} 1. Nf3 d5 2. b3 c5 3. e3 a6 4. Bb2 Nc6 5. d4 cxd4 6. Nxd4 {LiveBook: 28 Games. A06: Réti Opening:1 Nf3 d5} Qc7 (6... Nf6 7. Nxc6 bxc6 8. Nd2 e6 9. Bd3 Be7 10. O-O O-O 11. c4 a5 12. Qc2 h6 13. Nf3 Ba6 {1-0 (91) Nakamura,H (2792)-Caruana,F (2807) Saint Louis 2017}) 7. c4 dxc4 8. Bxc4 {White is slightly better.} Nf6 9. Nxc6 $146 ({Predecessor:} 9. O-O g6 10. Nxc6 Qxc6 11. Nd2 Bg7 12. Rc1 Be6 13. Be2 Qd7 {1-0 (29) Berkes,F (2630)-Ostmoe,G (2343) Cochin 2004}) 9... Qxc6 10. O-O e6 {[#]} ({Black should try} 10... Bg4 $14 11. f3 Bf5) 11. Nd2 (11. Be2 $1 $16) 11... Be7 (11... b5 $14) 12. Rc1 b5 {Hoping for ...Bb7.} 13. Bd3 Qd7 14. Ne4 Bb7 15. Nc5 $36 {[%mdl 2048] Black is under pressure.} Bxc5 16. Rxc5 Rd8 17. Bd4 Be4 (17... Nd5 $14) 18. Be2 $16 O-O 19. Qa1 Ne8 (19... Rc8 $142) 20. a4 {[%cal Ba2a4,Ba4a5][%mdl 32]} Rb8 (20... f6 $16 {was called for.}) 21. Be5 ({White should play} 21. Rd1 $18) 21... Rb6 22. Qd4 Bc6 $2 {[#]} (22... Qxd4 23. Bxd4 Rb7) 23. a5 $18 Rb7 24. Qxd7 {Precision: White = 78%, Black = 29%.} 1-0

[Event "36th Mitropa Cup Open 2018"]
[Site "Isola Capo Rizzuto"]
[Date "2018.06.08"]
[Round "8"]
[White "Kuljasevic, Davorin"]
[Black "Repka, Christopher"]
[Result "1-0"]
[WhiteElo "2543"]
[BlackElo "2534"]
[Annotator "TA"]
[PlyCount "61"]
[EventDate "2018.05.31"]
[EventType "team-tourn"]
[EventCountry "ITA"]
[SourceTitle "playchess.com"]
[Source "ChessBase"]
[SourceQuality "1"]
[WhiteTeam "Croatia"]
[BlackTeam "Slovakia"]
[WhiteTeamCountry "CRO"]
[BlackTeamCountry "SVK"]

{[%evp 23,61,31,43,16,14,0,0,0,0,0,16,0,0,0,24,27,23,23,27,23,113,110,171,172,240,239,217,227,307,300,283,295,327,353,690,296,731,708,831,815]} 1. d4 Nf6 2. c4 c6 3. Nc3 d5 4. Nf3 dxc4 5. a4 Bf5 6. e3 e6 7. Bxc4 Bb4 8. O-O O-O 9. Qe2 Bg6 10. Ne5 Nbd7 11. Nxg6 hxg6 12. Rd1 Qe7 {LiveBook: 48 Games} 13. Qc2 {D19: Slav Defence: 5 a4 Bf5 6 e3: Main line with 9 Qe2} (13. e4 e5 14. d5 Nb6 15. Bb3 cxd5 16. a5 d4 17. axb6 dxc3 18. bxc3 Bc5 19. bxa7 Rxa7 20. Rxa7 Bxa7 21. h3 Bc5 22. Bg5 b6 23. g3 Rd8 24. Ra1 Qb7 25. Bxf6 gxf6 26. Bd5 {½-½ (26) Peralta,F (2565)-Andriasian,Z (2615) La Roda 2017}) 13... Rfd8 14. h3 c5 $146 ({Predecessor:} 14... Rac8 15. Bd2 c5 16. dxc5 Qxc5 17. Be2 Qa5 18. Be1 Nd5 19. Bf3 Ne5 20. Bxd5 Rxd5 21. Rxd5 exd5 {½-½ (37) Huovinen,J (2254)-Topi Hulmi,T (2250) Finland 2015}) 15. Be2 {The position is equal.} Rac8 16. Bf3 Nb6 17. dxc5 Rxd1+ 18. Qxd1 Bxc5 19. a5 Nbd5 20. Bd2 Bb4 21. Qb3 {[%cal Rf3d5]} (21. Nxd5 {with more complications.} Nxd5 22. Bxd5 exd5 23. Rb1 Bxd2 24. Qxd2 Rc5 25. b4) 21... b6 (21... Qc5 $11) 22. Bxd5 $16 Bxc3 (22... exd5 $16 23. axb6 (23. Nxd5 Nxd5 24. Qxd5 bxa5 $14) 23... axb6) 23. Bxe6 $1 $18 (23. Bxc3 Nxd5 24. axb6 axb6 $11) (23. axb6 $6 Bxd2 24. bxa7 Nxd5 $14) 23... Qxe6 (23... Bxb2 {was called for.} 24. Bxf7+ (24. Bxc8 Bxa1 25. axb6 axb6 $16) (24. Qxb2 Qxe6 25. axb6 axb6 $14) (24. axb6 Bxa1 25. Bxc8 axb6 $16) 24... Qxf7 25. Qxb2 Ne4) 24. Qxe6 fxe6 25. Bxc3 $16 {[%mdl 4096] Endgame KRB-KRN} b5 26. a6 Nd5 27. Bd4 Nb4 28. Bxa7 Rc6 $2 {[#]} (28... Ra8) 29. Ra5 (29. Bb6 $142 $1 {[%mdl 512] Black must now prevent a7.} Nxa6 (29... Rxb6 30. a7) 30. Rxa6) 29... Rc1+ $2 (29... Rxa6 30. Rxb5 Rxa7) 30. Kh2 $18 Nc6 {[#]} 31. Bb8 $1 {[%mdl 512] Precision: White = 59%, Black = 29%.} 1-0

[Event "36th Mitropa Cup Open 2018"]
[Site "Isola Capo Rizzuto"]
[Date "2018.06.08"]
[Round "8"]
[White "Kollars, Dmitrij"]
[Black "Velten, Paul"]
[Result "1-0"]
[WhiteElo "2538"]
[BlackElo "2470"]
[Annotator "TA"]
[PlyCount "95"]
[EventDate "2018.05.31"]
[EventType "team-tourn"]
[EventCountry "ITA"]
[SourceTitle "playchess.com"]
[Source "ChessBase"]
[SourceQuality "1"]
[WhiteTeam "Germany"]
[BlackTeam "France"]
[WhiteTeamCountry "GER"]
[BlackTeamCountry "FRA"]

{[%evp 18,94,22,10,39,11,22,0,0,0,0,0,0,-6,0,-19,-15,-23,-26,-44,-40,-50,-43,-42,-9,-15,51,50,42,27,35,43,46,35,113,105,102,93,200,200,206,191,192,194,119,90,191,211,186,179,252,244,500,461,412,232,648,635,649,635,634,619,627,585,644,572,651,621,588,466,1335,1170,2737,2652,2347,2206,1743,1653,29999]} 1. e4 e6 2. d4 d5 3. Nc3 Nc6 4. Nf3 Nf6 5. Bd3 Nb4 (5... Bb4 6. O-O Bxc3 7. exd5 Bxd4 8. dxc6 Bb6 9. Qe2 bxc6 10. Ne5 Bb7 11. Bg5 h6 12. Bh4 Qd4 13. Bg3 O-O {1-0 (67) Brkic,A (2590)-Jobava,B (2685) Batumi 2018}) 6. Bg5 {C10: Französische Verteidigung (Rubinstein-Variante)} Be7 7. O-O O-O 8. e5 Nd7 9. Bxe7 Qxe7 10. Re1 {LiveBook: 5 Partien} a6 11. a3 $146 ({Vorgänger:} 11. Ne2 b6 12. Nf4 c5 13. c3 Nxd3 14. Qxd3 {1-0 (37) Willemze,T (2416)-Trella,T (2395) Netherlands 2014}) 11... Nxd3 12. cxd3 b6 13. b4 c5 14. dxc5 bxc5 15. bxc5 Nxc5 16. Na4 Bd7 17. Nxc5 Qxc5 18. d4 Qa5 19. Qd2 Qxd2 20. Nxd2 Rfc8 21. Nb3 Kf8 ({Lieber} 21... Rc4 $11) 22. Nc5 $36 {[%mdl 2048] Weiss kämpft um Vorteil.} Ke7 23. Reb1 Rcb8 24. f4 a5 25. Kf2 h5 (25... g6 $14) 26. Kg3 $16 Be8 27. Kh4 g6 (27... f6 $16) 28. Kg5 $18 Bc6 29. h3 Be8 30. g3 Bc6 31. g4 hxg4 (31... a4 $16 {war angesagt.}) 32. hxg4 Be8 33. Nb7 Ba4 (33... Bc6 {ist wohl besser.}) 34. Rb6 Rc8 $2 (34... Ra7) 35. Nc5 Bc6 36. Rab1 (36. Rc1 $142) 36... a4 $2 (36... Ra7 37. Rh1 Rac7) 37. Rc1 Rab8 38. Rxb8 Rxb8 {[#]} 39. Nxe6 $1 {[%mdl 4608] Endspiel KTL-KTS} Rb6 (39... Kxe6 40. Rxc6+) 40. Nc5 Be8 41. f5 gxf5 42. gxf5 {[%cal Bg4f5,Bf5f6][%mdl 32]} Rb2 43. f6+ Kd8 (43... Kf8 $142 44. Kf4 Rf2+ 45. Ke3 Rb2) 44. Kh6 Bc6 {[#]} 45. Ne6+ $1 {[%mdl 512]} Kd7 (45... fxe6 46. Rxc6) 46. Nf8+ Ke8 47. Rxc6 {[%cal Rc6c8]} Kxf8 48. Rc8# {Precision: Weiß = 78%, Schwarz = 36%.} 1-0

[Event "36th Mitropa Cup Open 2018"]
[Site "Isola Capo Rizzuto"]
[Date "2018.06.08"]
[Round "8"]
[White "Brunello, Sabino"]
[Black "Jenni, Florian"]
[Result "1-0"]
[WhiteElo "2537"]
[BlackElo "2446"]
[Annotator "TA"]
[PlyCount "75"]
[EventDate "2018.05.31"]
[EventType "team-tourn"]
[EventCountry "ITA"]
[SourceTitle "playchess.com"]
[Source "ChessBase"]
[SourceQuality "1"]
[WhiteTeam "Italy"]
[BlackTeam "Switzerland"]
[WhiteTeamCountry "ITA"]
[BlackTeamCountry "SUI"]

{[%evp 23,75,23,47,21,35,41,37,38,37,50,60,44,47,41,60,57,57,45,60,58,57,57,89,60,75,75,75,75,88,87,89,52,57,60,99,123,252,231,272,237,641,633,618,629,717,683,682,552,775,735,758,924,913,913]} 1. d4 Nf6 2. c4 e6 3. Nf3 b6 4. g3 Bb7 5. Bg2 Be7 6. O-O O-O 7. Nc3 Ne4 8. Bd2 f5 9. Ne5 {E18: Damenindisch (Hauptfortsetzung)} (9. Qc2 Nxc3 10. Qxc3 Bf6 11. Rad1 Nc6 12. Qe3 Ne7 13. Bc3 Qe8 14. Ne1 Bxg2 15. Nxg2 Ng6 16. Qd3 Rd8 17. e4 fxe4 18. Qxe4 {½-½ (41) Aronian,L (2780)-Ivanchuk,V (2757) Leuven 2017}) 9... Nxc3 10. Bxc3 Bxg2 11. Kxg2 Bf6 12. Qd3 d5 {LiveBook: 3 Partien} 13. Nf3 $146 ({Vorgänger:} 13. Rfd1 Qd6 14. Qf3 c6 15. Rac1 Nd7 16. Bb4 Nxe5 17. Bxd6 Nxf3 18. Bxf8 Nxd4 {1-0 (57) L'Ami,E (2596)-Tiviakov,S (2677) Wijk aan Zee 2012}) 13... dxc4 14. Qxc4 Qd5 15. Qxd5 ({Falsch wäre} 15. Qxc7 $2 Na6 $19) 15... exd5 16. Rac1 Rc8 17. b4 Nd7 18. Rc2 Nf8 19. Rfc1 Ne6 20. e3 Kf7 21. Ne1 a6 22. Nd3 Ke7 23. a4 {[%cal Ba2a4,Ba4a5][%mdl 32]} c6 24. h3 h5 25. Be1 Kd7 26. a5 b5 27. g4 hxg4 28. hxg4 g6 29. f3 Bg7 (29... f4 $16) 30. Bg3 $18 Ra7 31. Rh1 Rh8 $2 {[#]} (31... Ke8 32. Rhc1 Kd7 33. gxf5 gxf5) 32. Rxh8 {Weiß steht klar auf Gewinn.} Bxh8 33. Be5 Ng7 34. g5 Ra8 35. Nf4 Nh5 36. Nxg6 Rg8 37. Nxh8 Rxg5+ 38. Kf2 {Precision: Weiß = 68%, Schwarz = 25%.} 1-0

[Event "36th Mitropa Cup Open 2018"]
[Site "Isola Capo Rizzuto"]
[Date "2018.06.08"]
[Round "8"]
[White "Godena, Michele"]
[Black "Studer, Noel"]
[Result "1/2-1/2"]
[WhiteElo "2506"]
[BlackElo "2475"]
[Annotator "TA"]
[PlyCount "70"]
[EventDate "2018.05.31"]
[EventType "team-tourn"]
[EventCountry "ITA"]
[SourceTitle "playchess.com"]
[Source "ChessBase"]
[SourceQuality "1"]
[WhiteTeam "Italy"]
[BlackTeam "Switzerland"]
[WhiteTeamCountry "ITA"]
[BlackTeamCountry "SUI"]

{[%evp 9,70,0,4,12,4,0,0,0,0,0,0,0,0,0,0,0,0,0,0,0,0,0,0,0,0,0,0,0,0,0,115,-64,-56,-69,-7,-8,-12,-12,0,0,0,-30,0,0,0,0,0,0,0,0,0,0,0,0,62,0,0,0,54,0,0,0,64]} 1. e4 e6 2. d4 d5 3. Nd2 c5 4. Ngf3 cxd4 5. Nxd4 Nf6 6. exd5 {C07: French Tarrasch: 3...c5, 4 Ngf3 and 4 exd5 Qxd5} a6 7. c4 exd5 8. Be2 dxc4 9. Nxc4 b5 {White must now prevent ...Bb4+.} 10. O-O $146 {[#] Bf3 is the strong threat.} ({Predecessor:} 10. Bf3 Ra7 11. Nc6 Nxc6 12. Bxc6+ Bd7 13. Nd6+ Bxd6 14. Qxd6 Bxc6 15. Qxc6+ {½-½ (55) Codenotti,M (2397)-Landa,K (2627) Porto Mannu 2015}) 10... bxc4 11. Bf3 Ra7 $1 {Hoping for ...Be7.} (11... Bc5 $2 12. Re1+ Be7 13. Bxa8 $18) 12. Bf4 $1 $40 {[%cal Rf4b8][%mdl 128] White is up to no good.} Bc5 {Threatens to win with ...0-0.} 13. Bxb8 (13. Nc6 $2 Qxd1 14. Raxd1 Nxc6 $19) (13. Re1+ Re7 $17) 13... Qxd4 14. Qa4+ $1 Rd7 {[#] Strongly threatening ...0-0.} 15. Be5 $1 {[%cal Re5d4][%mdl 512]} Qxe5 16. Rfe1 Qxe1+ 17. Rxe1+ Kd8 $1 18. Bc6 {And now Qa5+ would win.} Rc7 19. Qa5 Bd6 (19... Bd7 $11) 20. Qb6 $2 (20. Rd1 $16 Ke7 21. Qb6 Rxc6 22. Qxc6) 20... Nd7 $1 $15 {[%cal Rd7b6]} 21. Bxd7 $1 Bc5 (21... Kxd7 $15 22. Rd1 Rc6 23. Qa7+ Ke8) 22. Qa5 $11 Bxd7 23. Qxa6 Bb4 24. Rd1 $1 {aiming for Qa8+.} Re8 25. Qa8+ Rc8 (25... Ke7 $5 {[%cal Re8a8]} 26. Qe4+ Kf8 27. Qxh7 f6 $15) 26. Rxd7+ Kxd7 {[%cal Re8e1]} 27. Qb7+ Rc7 $1 {[%cal Re8e1]} 28. Qb5+ Rc6 {[%cal Re8e1]} 29. Qb7+ Rc7 $1 {[%cal Re8e1]} 30. Qb5+ Rc6 {[%cal Re8e1]} 31. Qb7+ Kd8 (31... Rc7 $1 $11 32. Qxb4 c3 33. Qa4+ Rc6 34. Qg4+ Kc7 35. Qf4+ Kb6 36. Qd4+ Kc7 37. Qa7+ (37. Qf4+ Kc8 $11) 37... Kd6 38. Qa3+ (38. Qd4+ Kc7 $11) 38... Kd7 39. Qa7+ Kc8 40. Qa8+ Kd7 41. Qb7+ Kd6 42. Qb4+ Kc7 43. Qf4+ Kd7 44. Qf5+ (44. Qxf7+ Kd8 $11) 44... Kc7 45. Qf4+ (45. Qxf7+ Kd8 $11)) 32. Qb8+ (32. g3 $14 Re1+ 33. Kg2) 32... Kd7 {[%cal Re8e1]} 33. Qb7+ (33. Qxb4 $11 c3 34. Qd4+ Kc7 35. Qa7+ (35. Qf4+ Kb6 $11) 35... Kc8 36. Qa8+ Kc7 37. Qa7+ (37. Qxe8 c2 $11) 37... Kc8 38. Qa8+ Kc7 39. Qxe8) 33... Kd8 $14 {[%cal Re8e1]} 34. Qb8+ ({Better is} 34. g3 $14 Ree6 35. Qxb4) 34... Kd7 $11 {[%cal Re8e1]} 35. Qb7+ ({White should play} 35. Qxb4 $11 c3 36. Qg4+ Kc7 37. Qf4+ Kd7 38. Qf5+ (38. Qxf7+ Kd8 $11) 38... Kc7 39. Qa5+ (39. Qxf7+ Kd8 $11) 39... Kb7 40. Qb5+ (40. Qb4+ Kc7 $11) 40... Kc7 41. Qa5+ Kb7 42. Qb5+ (42. Qb4+ Kc8 $11) 42... Kc7 43. Kf1 (43. Qa5+ Kb7 $11)) 35... Kd8 {Precision: White = 66%, Black = 82%.} 1/2-1/2

[Event "36th Mitropa Cup Open 2018"]
[Site "Isola Capo Rizzuto"]
[Date "2018.06.08"]
[Round "8"]
[White "Korpa, Bence"]
[Black "Blohberger, Felix"]
[Result "1-0"]
[WhiteElo "2500"]
[BlackElo "2427"]
[Annotator "TA"]
[PlyCount "55"]
[EventDate "2018.05.31"]
[EventType "team-tourn"]
[EventCountry "ITA"]
[SourceTitle "playchess.com"]
[Source "ChessBase"]
[SourceQuality "1"]
[WhiteTeam "Hungary"]
[BlackTeam "Austria"]
[WhiteTeamCountry "HUN"]
[BlackTeamCountry "AUT"]

{[%evp 17,55,30,33,15,47,47,56,46,34,40,40,45,157,151,229,214,219,233,283,275,437,108,124,120,392,389,385,345,774,807,790,782,858,853,1658,1587,1427,1351,964,160]} 1. Nf3 d5 2. g3 Nd7 3. c4 dxc4 4. Qa4 a6 5. Qxc4 Ngf6 6. Bg2 e6 7. Qb3 c5 8. d3 Ra7 9. a4 {A13: English Opening: 1...e6} b6 {LiveBook: 11 Games} 10. Nbd2 Bb7 11. Nc4 {White is slightly better.} Bd5 $146 ({Predecessor:} 11... Be7 12. O-O O-O 13. e4 Bc6 14. Bf4 Ra8 15. Bd2 Rb8 16. Qc2 b5 17. axb5 axb5 {0-1 (37) Pinter,J (2549)-Inkiov,V (2456) France 2011}) 12. e4 Bxc4 13. dxc4 Nxe4 14. O-O Nef6 ({Black should play} 14... Bd6 $14) 15. Rd1 $16 Qc8 {[#]} (15... Be7 $16 {was necessary.}) 16. a5 $1 $18 {[%cal Ra5b6]} bxa5 17. Qa4 (17. Rxa5 Be7 $11) 17... Ke7 18. Bf4 ({Don't take} 18. Qxa5 $6 Rg8 $18) 18... Ne8 (18... h6 $142 19. h4 (19. Qxa5 Ke8 $18) 19... Ng4) 19. Ng5 $2 (19. Qa3 $18 {is more deadly.} Nef6 20. Nd4) 19... h6 $16 20. Ne4 $36 {[%mdl 2048] White is on the roll.} f5 $2 {[%mdl 8192]} (20... g5 $16 21. Bd6+ Nxd6 22. Nxd6 Qc7) 21. Nd6 $18 Nxd6 22. Rxd6 {aiming for Rc6.} ({Not} 22. Bxd6+ Kf7 $14) 22... e5 $2 {[#]} (22... Kf7) 23. Rad1 $1 {White is clearly winning.} exf4 24. Rc6 {Re1+ would kill now.} Qb8 25. Re1+ Kd8 26. Qxa5+ Rc7 27. Rxc7 Qxc7 {[#]} 28. Re8+ $1 {[%mdl 512] Precision: White = 64%, Black = 18%.} 1-0

[Event "36th Mitropa Cup Open 2018"]
[Site "Isola Capo Rizzuto"]
[Date "2018.06.08"]
[Round "8"]
[White "Nayhebaver, Martin"]
[Black "Tica, Sven"]
[Result "0-1"]
[WhiteElo "2478"]
[BlackElo "2446"]
[Annotator "TA"]
[PlyCount "74"]
[EventDate "2018.05.31"]
[EventType "team-tourn"]
[EventCountry "ITA"]
[SourceTitle "playchess.com"]
[Source "ChessBase"]
[SourceQuality "1"]
[WhiteTeam "Slovakia"]
[BlackTeam "Croatia"]
[WhiteTeamCountry "SVK"]
[BlackTeamCountry "CRO"]

{[%evp 10,74,8,14,30,29,35,25,23,8,18,5,8,5,16,12,19,17,21,0,48,0,29,14,43,38,78,36,36,36,41,35,124,63,67,-18,-21,-18,27,41,88,0,12,8,12,22,11,0,33,29,35,0,0,-31,-69,-154,0,-52,-64,-149,-150,-292,-287,-250,-250,-537,-541]} 1. e4 c6 2. Nc3 d5 3. Nf3 dxe4 4. Nxe4 Nf6 5. Qe2 Nxe4 6. Qxe4 Qa5 {B11: Caro-Kann: Two Knights Variation} 7. Bc4 Bf5 8. Qf4 {And now b4! would win.} e6 {White has an edge.} 9. c3 $146 (9. O-O {is interesting.} Be7 10. d3 Qd8 11. Qg3 O-O 12. Bf4) ({Predecessor:} 9. Bb3 Nd7 10. Nh4 Bg6 11. Nxg6 hxg6 12. O-O Nf6 13. d3 O-O-O 14. h3 {½-½ (65) Rendle,T (2362)-Agrest,E (2584) chess.com INT 2018}) 9... Be7 10. d4 Nd7 11. O-O O-O 12. a4 Rac8 13. Nh4 {Black should prevent b4.} Bc2 14. Re1 Qh5 15. Nf3 Nb6 16. Bf1 Bf6 ({Reject} 16... Nxa4 $6 17. Qd2 $16) 17. Ne5 a5 18. h3 Qf5 19. Qd2 {Black must now prevent g4.} h5 20. c4 Ra8 ({Better is} 20... Rfd8 $14) 21. Re2 (21. Ra3 $16) 21... Bb1 $14 22. b4 (22. b3 $14) 22... Rfd8 $11 23. bxa5 Nxc4 (23... Nd7 {feels hotter.} 24. Qe3 Bxe5 25. dxe5 Bd3 26. Re1 Bxf1 27. Kxf1 Qc2) 24. Nxc4 Rxd4 25. Qb2 (25. Rxb1 $1 $16 Qxb1 26. Qc2 Qxc2 27. Rxc2) 25... Rxc4 26. Qxb1 ({Wrong is} 26. Qxb7 $2 Rxc1 27. Qxa8+ Kh7 $19) 26... Bxa1 27. Qxa1 Qxa5 28. Bb2 Rxa4 29. Qd1 Qb4 30. Be5 {[%mdl 1024] White has compensation.} R4a5 31. Re3 {White wants to play Bc3.} Rd5 32. Qf3 {[#]} ({White should try} 32. Qc1 $15) 32... Qh4 $2 (32... Qb1 $1 $17 {Hoping for ...Rd1.} 33. Rb3 Qf5 34. Qxf5 exf5) 33. Re4 (33. Qe2 $11) 33... Qg5 $15 34. h4 {[#]} (34. Bb2 $15) 34... Qf5 $1 $17 35. Qe2 {[#]} (35. Qxf5 $17 {was worth a try.} exf5 36. Re3) 35... Ra2 $1 $19 {[%mdl 512]} 36. Qe1 {[#]} (36. Qxa2 Qxe4) 36... Rxf2 $1 {[%mdl 512]} 37. Re3 $2 {[#]} (37. Bc4 {only move.} Rdd2 38. Re2 Rfxe2 39. Bxe2) (37. Qxf2 Qxe4) 37... Rxf1+ $1 {Precision: White = 29%, Black = 57%.} 0-1

[Event "36th Mitropa Cup Open 2018"]
[Site "Isola Capo Rizzuto"]
[Date "2018.06.08"]
[Round "8"]
[White "Perske, Thore"]
[Black "Loiseau, Quentin"]
[Result "1-0"]
[WhiteElo "2464"]
[BlackElo "2399"]
[Annotator "TA"]
[PlyCount "99"]
[EventDate "2018.05.31"]
[EventType "team-tourn"]
[EventCountry "ITA"]
[SourceTitle "playchess.com"]
[Source "ChessBase"]
[SourceQuality "1"]
[WhiteTeam "Germany"]
[BlackTeam "France"]
[WhiteTeamCountry "GER"]
[BlackTeamCountry "FRA"]

{[%evp 20,99,59,58,28,0,0,0,1,0,0,0,0,0,0,-16,-16,-45,13,0,21,0,0,-30,-13,-12,0,0,0,0,0,0,0,0,5,6,54,55,450,450,449,443,356,432,413,413,411,395,582,560,451,433,381,353,29955,29954,29955,29953,29955,29959,29952,29952,29951,29952,29952,29953,29959,29958,29963,29962,29964,29962,29969,29970,29967,12841,29979,29980,29980,29981,29980,29981]} 1. e4 c5 2. Nf3 Nc6 3. Nc3 Nf6 4. Bb5 Qc7 5. O-O Nd4 6. Re1 a6 7. Bf1 {B30: Sizilianisch (Rossolimo-Variante)} d6 8. Nd5 Nxd5 9. exd5 Bg4 10. Be2 Nxe2+ 11. Qxe2 {LiveBook: 6 Partien} g6 12. h3 $146 ({Vorgänger:} 12. d3 Bg7 13. Bg5 e5 14. dxe6 Bxe6 {1-0 (26) Gashimov,V (2757)-Ivanchuk,V (2775) Beijing 2011}) 12... Bxf3 $1 13. Qxf3 Bg7 14. Qe4 Bf6 15. c3 O-O 16. d3 Rfe8 17. Qg4 b5 18. Bg5 Qc8 (18... Qb7 $15) 19. Qxc8 Raxc8 20. Bxf6 exf6 $11 {[%mdl 4096] Endspiel KTT-KTT} 21. c4 Kf8 22. Kf1 Rb8 (22... f5 {is more complex.} 23. b3 bxc4 24. dxc4 a5 25. Re2 Rb8) 23. Rxe8+ Kxe8 {KT-KT} 24. b3 Kd7 25. Ke2 h5 26. Kd2 Re8 27. Re1 Rxe1 (27... Rb8 {with more complications.} 28. h4 f5 29. Kc3 a5 30. g3 Rb7) 28. Kxe1 {KB-KB} b4 $2 {[%mdl 8192] [#]} (28... f5 $14) 29. d4 $1 {[%mdl 512]} f5 (29... cxd4 30. Ke2) 30. Ke2 f6 31. Ke3 Kc7 32. dxc5 dxc5 33. Kf4 Kd7 (33... Kb7 {ist wohl besser.} 34. g3 Kc7) 34. h4 Ke7 35. f3 $1 Kd6 36. g3 {[%cal Bg2g3,Bg3g4][%mdl 32]} a5 $2 {[#]} (36... Ke7 $18 37. Ke3 Kd6) 37. g4 $1 {[%cal Rg4f5]} fxg4 38. fxg4 hxg4 39. Kxg4 Ke5 40. Kf3 Kf5 41. Kg3 Ke5 42. Kg4 f5+ {[#]} 43. Kg3 $1 {[%cal Rg3f3]} Kf6 44. Kf4 Kf7 45. Kg5 Kg7 46. h5 gxh5 47. Kxf5 (47. Kxh5 $142 Kf6 48. d6 Kf7 49. d7 Ke7 50. Kg5 Kxd7 51. Kxf5 Kc6 52. Ke5) 47... Kf7 48. Kg5 {Weiß setzt Matt.} h4 49. Kxh4 Kf6 50. Kg4 {Precision: Weiß = 74%, Schwarz = 42%.} 1-0

[Event "36th Mitropa Cup Open 2018"]
[Site "Isola Capo Rizzuto"]
[Date "2018.06.08"]
[Round "8"]
[White "Biolek, Richard Jr"]
[Black "Drnovsek, Gal"]
[Result "1/2-1/2"]
[WhiteElo "2462"]
[BlackElo "2404"]
[Annotator "TA"]
[PlyCount "110"]
[EventDate "2018.05.31"]
[EventType "team-tourn"]
[EventCountry "ITA"]
[SourceTitle "playchess.com"]
[Source "ChessBase"]
[SourceQuality "1"]
[WhiteTeam "Czech Republic"]
[BlackTeam "Slovenia"]
[WhiteTeamCountry "CZE"]
[BlackTeamCountry "SLO"]

{[%evp 15,110,2,18,5,16,9,28,13,14,18,16,16,17,0,0,0,21,18,25,0,0,0,0,0,0,0,0,-22,0,0,9,-15,-14,-12,-14,-14,-6,-6,-10,-16,0,-16,-4,-2,-6,-12,0,0,0,-6,0,-32,-27,-19,-18,-24,-24,-23,-46,-39,-8,-8,-8,-8,0,-8,-1,-7,0,-3,0,0,0,-8,-8,-8,-8,-8,0,-8,-8,-10,-10,-22,-8,-8,-8,-8,-8,-8,8,8,8,8,8,8,8]} 1. e4 c5 2. Nf3 d6 3. d4 Nf6 4. Bb5+ Bd7 5. Bxd7+ Qxd7 6. dxc5 {B53: Sizilianisch (Ungarische Variante)} Nxe4 (6... dxc5 7. Qe2 Qc6 8. Nc3 Nbd7 9. Bf4 a6 10. O-O-O e6 11. Rd2 Be7 12. Rhd1 O-O-O 13. Bd6 Bxd6 14. Rxd6 {1-0 (45) Andreikin,D (2733)-Adly,A (2603) Abu Dhabi 2016}) 7. cxd6 Nxd6 8. O-O Nc6 {LiveBook: 18 Partien} 9. b3 e6 $146 ({Vorgänger:} 9... f6 10. c4 e5 11. Nc3 Nf5 12. Nd5 Bc5 13. Rb1 Nb4 {½-½ (53) Emiroglu,C (2253)-Hernandez,C (2139) Iasi 2012}) 10. Bb2 f6 11. c4 Be7 12. Nc3 Rd8 13. Qe2 O-O 14. Rad1 {[#] Droht c5 und aus.} Qc8 15. Rfe1 e5 16. Nd5 Nf5 17. Nxe7+ Nfxe7 18. Rxd8 Rxd8 19. Rd1 Nf5 20. Rxd8+ Qxd8 21. Qd2 Qe8 (21... Qxd2 {seems wilder.} 22. Nxd2 Nb4 23. a4 Nc6 24. f3 Ne3) 22. Qd5+ Qf7 23. Qxf7+ (23. Qd3 {looks sharper.} Qe6 24. h3 h5 25. Bc3 Kf7 26. Nd2) 23... Kxf7 $11 {[%mdl 4096] Endspiel KLS-KSS} 24. Bc3 Ke6 25. Kf1 h5 26. Ke2 g5 27. h3 Nfe7 28. Ne1 Ng6 29. Nd3 b6 30. f3 f5 31. Bd2 Nd4+ 32. Kf1 f4 33. Bc3 Nf5 34. Kf2 Ng3 35. Bb2 e4 36. fxe4 Nxe4+ 37. Kg1 Ne7 38. h4 {Die Stellung ist ausgeglichen.} Kf5 39. hxg5 Nxg5 40. c5 bxc5 41. Nxc5 h4 42. b4 Nd5 43. b5 f3 {[#] Droht stark ...Sf4.} 44. Nd3 fxg2 45. Kxg2 Ne3+ 46. Kh1 {Droht Ld4.} Ke4 47. Ne1 Nf5 48. Bc1 Ne6 49. Kg2 Ned4 50. a4 Kd5 51. Bf4 Nd6 52. Kh3 N6xb5 53. axb5 Nxb5 54. Bd2 Nd4 55. Kxh4 Nb3 {Precision: Weiß = 53%, Schwarz = 55%.} 1/2-1/2